000 00761cab a22002175a 4500
001 L156587
008 120611e20120601xxk 000 0 eng d
035 _a(Sirsi) u156587
041 0 _aeng
100 1 _aYule, Ian
245 0 2 _aA test of faith
260 _c2012
490 _aBuilding
_v277 (8730) 1 June 2012, 45(1)
520 _aWith reference to "Compass Group UK Ltd v Mid Essex Hospital Services NHS Trust", argues that the New Engineering Contract's requirement to act in a spirit of mutual trust can penalise both sides.
590 _aKA
650 2 4 _aCompass Group UK Ltd v Mid Essex Hospital Services NHS Trust
651 4 _aEngland and Wales
_y1543-
690 _aContracts
_96232
690 _aConstruction management
_96230
942 _n0
999 _c84091
_d84091